000 01204nam a2200313 c 4500
003 BLK
005 20240416160216.0
008 180412b bul|||||r ||||||| ||bul||
010 _aKNG00007198000
020 _a954-585-300-Х
_bиздат.: Бард
040 _aBLK
041 _aBUL
_cBUL
080 _aАвстралийска литература
_b821.111(94)
_x-31
_z821.111(94)-31
100 1 _aМаккинли, Тамара
_eпърви автор
_9250872
700 _aБожилчева, Теодора Методиева
_d1966-
_9368435
139 _aМаккинли, Тамара
_bМ 19
245 1 0 _aПоследният валс на Матилда
_bРоман
_cТамара Маккинли; прев. от англ. Теодора Божилчева.
257 _aAUS
260 София
_bБард
_c2001
_fХасково : Полиграфюг
300 _a432 с.
_c21 см
380 _aX
500 _aОриг. загл. Matilda's last waltz / Tamara McKinley.
852 _aЦб 210654
856 4 _qpdf
_u
856 4 _qpdf
_u
942 _cKNG
_n0
944 _aCR
_c24.02.2003
_k30560
_lГеновева Генчева
944 _aED
_c16.07.2004
_k
999 _c5985
_d5985